000 02340cam a2200349 i 4500
001 768714001
003 CO-MdFUSB
005 20220428111031.0
007 ta
008 010427t20012001miua b 001 0 eng
020 _a0310206170
040 _aDLC
_cCO-MdFUSB
_dUtOrBLW
_bspa
_erda
041 _aeng
082 _223
_a222.1107
_bW239
100 1 _aWalton, John H.,
_d1952-
_eautor
245 1 0 _aGenesis.
_b: The NIV application commentary
_c/ John Walton.
264 1 _aGrand Rapids, Mich :
_bZondervan,
_c[2001]
264 4 _c© 2001
300 _a759 páginas :
_bilustraciones ;
_c24 cm.
336 _atexto
_btxt
_2rdacontent.
337 _asin mediación
_bn
_2rdamedia.
338 _avolumen
_bnc
_2rdacarrier.
490 1 _aThe NIV application commentary.
504 _aIncluye referencias bibliográficas (páginas 61-64) e índices.
520 _aLa Biblia comienza y termina con una revelación de Dios que da su base a la redención. Desde el primer versículo de Génesis, el libro de los orígenes, nos encontramos con un Dios de personalidad, carácter, propósito y actividad. Sólo a la luz de lo que nos muestra de sí mismo como el Creador de nuestro mundo y el Interactor con la historia humana, la historia de la salvación asume su contexto adecuado. Génesis pone las cosas en orden: Dios primero, luegonosotros. En palabras del prefacio del editor general, "Especialmente después de la Torre de Babel, se hizo evidente que la gente había olvidado quién era Dios. Necesitaban que se les recordara. Los movimientos que Dios hizo estaban esencialmente relacionados con ponerse a sí mismo frente a los pueblos del mundo". Hoy, quizás más que nunca, necesitamos que Dios se ponga frente a nosotros, que nos recuerde quién es él y que es él. En este comentario, John H. Walton demuestra la relevancia eterna de Génesis. Al revelar los vínculos entre Génesis y nuestros propios tiempos, el Dr. Walton muestra cómo este libro misterioso, a menudo desconcertante, lleno de personas y prácticas oscuras, revela la verdad para guiar nuestras vidas en el siglo XXI. --De la descripción del editor.
563 _aPasta dura
630 7 _aBiblia.
_pGénesis
_xCrítica, interpretación, etc.
830 0 _aNIV application commentary.
942 _cBK
945 _aJTF-925
999 _c67543
_d67543